000 00637nam a2200265Ia 4500
005 20260121165952.0
008 008 260114s9999 xx 000 0 eng d
020 _a9789401775205
037 _aEBOOK
040 _aCRL
040 _beng
040 _cCRL
041 _2eng
041 _aeng
084 _qCRL
100 _aSacha C. Jones, Brian A. Stewart
_91058213
245 0 _aAfrica from MIS 6-2
260 _bSpringer
260 _bSpringer
260 _c2016
856 _uhttps://link.springer.com/openurl?genre=book&isbn=978-94-017-7520-5
942 _cEBOOK
999 _c1623942
_d1623942